Исследование влияния условий отбора проб топлива и проведения технического анализа назаровских бурых углей на численные значения показателей качества: Отчет о НИР; Тема: № 58/72

Dades bibliogràfiques
Autor corporatiu: Томский политехнический институт (ТПИ) (595)
Altres autors: Лебедев И. К. (руководитель), Привалихин Г. К. (исполнитель)
Idioma:rus
Publicat: Томск, 1974
Matèries:
Format: MixedMaterials Llibre
KOHA link:https://koha.lib.tpu.ru/cgi-bin/koha/opac-detail.pl?biblionumber=173260

MARC

LEADER 00000nbm0a2200000 4500
001 173260
005 20231031164452.0
029 0 0 |a SU  |b 74023132  |f ТПУ 
035 |a (RuTPU)RU\TPU\book\187920 
090 |a 173260 
100 |a 20091222d1974 k y0rusy50 ca 
101 0 |a rus 
102 |a RU 
105 |a a p 001zy 
200 1 |a Исследование влияния условий отбора проб топлива и проведения технического анализа назаровских бурых углей на численные значения показателей качества  |e Отчет о НИР  |e Тема: № 58/72  |f Томский политехнический институт (ТПИ) ; руководитель И. К. Лебедев ; Г. К. Привалихин 
210 |a Томск  |d 1974 
215 |a 47 л. 
320 |a Библиогр.: с. 43. 
610 1 |a отчеты о НИР 
610 1 |a Назаровский уголь 
610 1 |a качественные показатели 
610 1 |a пробы 
610 1 |a топливо 
610 1 |a отбор 
610 1 |a технический анализ 
610 1 |a численные значения 
675 |a 662.6:543(04)  |v 3 
702 1 |a Лебедев  |b И. К.  |4 673 
702 1 |a Привалихин  |b Г. К.  |4 677 
712 0 2 |a Томский политехнический институт (ТПИ)  |c (1944-1991)  |2 stltpush  |3 (RuTPU)RU\TPU\col\1123  |4 595 
801 1 |a RU  |b 63413507  |c 20091222 
942 |c BK